<?xml version="1.0" encoding="UTF-8"?>
<record
    xmlns:xsi="http://www.w3.org/2001/XMLSchema-instance"
    xsi:schemaLocation="http://www.loc.gov/MARC21/slim http://www.loc.gov/standards/marcxml/schema/MARC21slim.xsd"
    xmlns="http://www.loc.gov/MARC21/slim">

  <leader>01086nam a2200277 i 4500</leader>
  <controlfield tag="001">185207</controlfield>
  <controlfield tag="003">SpMaBN</controlfield>
  <controlfield tag="005">20250718023932.0</controlfield>
  <controlfield tag="008">160408s2003    sp cfo       |||| |bspa d</controlfield>
  <datafield tag="080" ind1=" " ind2=" ">
    <subfield code="a">929 Monroe, Marilyn</subfield>
  </datafield>
  <datafield tag="100" ind1="1" ind2=" ">
    <subfield code="a">Gasca, Luis.</subfield>
    <subfield code="9">55835</subfield>
  </datafield>
  <datafield tag="245" ind1="1" ind2="0">
    <subfield code="a">Marilyn Monroe </subfield>
    <subfield code="b">: la diosa del sexo / </subfield>
    <subfield code="c">Luis Gasca ; pr&#xF3;logo de Jos&#xE9; Luis Garci.</subfield>
  </datafield>
  <datafield tag="250" ind1=" " ind2=" ">
    <subfield code="a">Ed. especial para este peri&#xF3;dico.</subfield>
  </datafield>
  <datafield tag="260" ind1=" " ind2=" ">
    <subfield code="a">[Barcelona] : </subfield>
    <subfield code="b">Folio, </subfield>
    <subfield code="c">[2003]</subfield>
  </datafield>
  <datafield tag="300" ind1=" " ind2=" ">
    <subfield code="a">224 p., [30] p. de l&#xE1;m. : </subfield>
    <subfield code="b">il., fot. ; </subfield>
    <subfield code="c">21 cm.</subfield>
  </datafield>
  <datafield tag="490" ind1="1" ind2=" ">
    <subfield code="a">Biblioteca ABC. Protagonistas del s. XX ; </subfield>
    <subfield code="v">2. Las biograf&#xED;as que construyeron el siglo</subfield>
  </datafield>
  <datafield tag="504" ind1=" " ind2=" ">
    <subfield code="a">Filmograf&#xED;a: p. [197]-212.</subfield>
  </datafield>
  <datafield tag="504" ind1=" " ind2=" ">
    <subfield code="a">Bibliograf&#xED;a: p. [213]-224.</subfield>
  </datafield>
  <datafield tag="600" ind1="1" ind2="7">
    <subfield code="a">Monroe, Marilyn.</subfield>
    <subfield code="9">148263</subfield>
  </datafield>
  <datafield tag="700" ind1="1" ind2=" ">
    <subfield code="a">Garci, Jos&#xE9; Luis.</subfield>
    <subfield code="9">53988</subfield>
  </datafield>
  <datafield tag="710" ind1="2" ind2=" ">
    <subfield code="a">Diario ABC.</subfield>
    <subfield code="9">1137</subfield>
  </datafield>
  <datafield tag="830" ind1="0" ind2="0">
    <subfield code="a">Biblioteca ABC. Protagonistas del s. XX</subfield>
    <subfield code="v">2. Las biograf&#xED;as que construyeron el siglo</subfield>
    <subfield code="9">192266</subfield>
  </datafield>
  <datafield tag="852" ind1=" " ind2=" ">
    <subfield code="a">ES-MaACL</subfield>
    <subfield code="j">A-13691</subfield>
    <subfield code="9"> 192227</subfield>
    <subfield code="b">R.150376</subfield>
    <subfield code="c">DEPO1</subfield>
    <subfield code="d">Olim: N-6691 </subfield>
    <subfield code="x">- enc. cart.</subfield>
  </datafield>
  <datafield tag="942" ind1=" " ind2=" ">
    <subfield code="2">udc</subfield>
  </datafield>
  <datafield tag="999" ind1=" " ind2=" ">
    <subfield code="c">185207</subfield>
    <subfield code="d">185207</subfield>
  </datafield>
  <datafield tag="952" ind1=" " ind2=" ">
    <subfield code="0">0</subfield>
    <subfield code="1">0</subfield>
    <subfield code="2">udc</subfield>
    <subfield code="4">0</subfield>
    <subfield code="7">0</subfield>
    <subfield code="a">ATENEOM</subfield>
    <subfield code="b">ATENEOM</subfield>
    <subfield code="c">SPD2</subfield>
    <subfield code="d">2016-04-08</subfield>
    <subfield code="e">DONACION</subfield>
    <subfield code="l">0</subfield>
    <subfield code="o">A-13691</subfield>
    <subfield code="p">1195102</subfield>
    <subfield code="r">2023-02-23 00:00:00</subfield>
    <subfield code="w">2023-02-23</subfield>
    <subfield code="y">MONOGRAFIA</subfield>
  </datafield>
</record>
